EastEnders Top 100 Characters Quiz Stats

 Plays Quiz not verified by Sporcle

Score 0/100 Timer 10:00
27 Plays Today
Position Character % Correct
1Phil Mitchell
95.3%
2Ian Beale
92.6%
20Kat Moon
89.3%
9'Dirty' Den Watts
88.5%
6Pat Evans
87.8%
12Peggy Mitchell
87.4%
4Grant Mitchell
86.4%
11Dot Branning
86%
26Max Branning
85.5%
3Sharon Watts
85.3%
19Stacey Branning
81.3%
18Alfie Moon
81.3%
35Ronnie Mitchell
81.3%
16Bianca Jackson
81%
69Roxy Mitchell
80.6%
73Paul Trueman
77.6%
21'Little' Mo Mitchell
77.6%
57Jack Branning
76.4%
24Ricky 'Rickaaaaay' Butcher
75.7%
15Billy Mitchell
75.7%
96Ben Mitchell
75.7%
23Pete Beale
73.8%
5Pauline Fowler
73.6%
30Janine Butcher
73.1%
91Lucy Beale
72.5%
93Jane Beale
72.3%
17Sonia Jackson
70.6%
38Carol Jackson
70%
84Patrick Trueman
70%
25Martin Fowler
69.7%
45Tanya Branning
69.6%
13Frank Butcher
69.2%
89Shirley Carter
68.8%
58Denise Fox
68.2%
Position Character % Correct
53Jim Branning
68%
8Mark Fowler
67.2%
10Kathy Beale
64.3%
44Nick Cotton
64.2%
28Angie Watts
62.8%
36Dennis Rickman
62.3%
87Heather Trott
62.2%
41Tiffany Mitchell
62.2%
68Charlie Slater
62.1%
14Arthur Fowler
62%
7Michelle Fowler
61.7%
37Sam Mitchell
61.3%
40Bradley Branning
61.1%
29Steve Owen
60.9%
78Steve Elliot
60.9%
59Barry Evans
59.9%
32Zoe Slater
59.4%
49Archie Mitchell
58.8%
22Cindy Beale
58.2%
65Whitney Dean
55.9%
46Garry Hobbs
55.4%
27David Wicks
55.2%
31Melanie Owen
50.7%
34Lisa Fowler
50.4%
62Richard 'Minty' Peterson
50.2%
39Sean Slater
48.7%
47Roy Evans
48.7%
80Ethel Skinner
48.5%
77Anthony Trueman
47.7%
70Dawn Swann
47.2%
50Jamie Mitchell
47.1%
97Robbie Jackson
46.9%
56Laura Beale
46.7%
85Dan Sullivan
46.6%
Position Character % Correct
95Honey Mitchell
46.3%
48Johnny Allen
45%
92Lynne Hobbs
43.3%
98Lucas Johnson
41.1%
76Ruby Allen
41%
51Steven Beale
40.8%
72Tony Hills
40.2%
90Ali Osman
40%
33Simon Wicks
39.9%
43Chrissie Watts
39.6%
55Kevin Wicks
38.9%
86Andy Hunter
38.4%
60George 'Lofty' Holloway
38.1%
82Alan Jackson
37.5%
83Vicky Fowler
36%
66Beppi Di Marco
35.9%
61Sue Osman
34.5%
74Terry Raymond
34.4%
99Kate Mitchell
34.2%
88Mary Smith
33.5%
52Natalie Evans
33.3%
79Sarah Hills
32.6%
63Dr May Wright
31.9%
64Mandy Salter
31.4%
71Gita Kapoor
31.4%
42Nigel Bates
31.2%
67Sanjay Kapoor
31.2%
81Irene Hills
31.1%
94Diane Butcher
29.8%
100Clyde Tavernier
29.2%
75Ruth Fowler
28.9%
54Matthew Rose
28.9%

You're not logged in!

Compare scores with friends on all Sporcle quizzes.
OR
Log In

Show Comments

Extras

Top Quizzes Today


Score Distribution

Your Account Isn't Verified!

In order to create a playlist on Sporcle, you need to verify the email address you used during registration. Go to your Sporcle Settings to finish the process.

Report this User

Report this user for behavior that violates our Community Guidelines.

Details: